| 000 | 00773nam a2200241Ia 4500 | ||
|---|---|---|---|
| 003 | OSt | ||
| 005 | 20220924115221.0 | ||
| 006 | a|||||r|||| 00| 0 | ||
| 007 | ta | ||
| 008 | 220923b |||||||| |||| 00| 0 ben d | ||
| 024 | _a334648 | ||
| 037 | _cTextual | ||
| 040 |
_aARTS _cARTS _bben |
||
| 041 |
_2ben _aben |
||
| 082 | _aO28v2,N9, N0 | ||
| 100 |
_aAl-Farooqi Zubair Ahmad Au. _9177235 |
||
| 245 | 0 | _aDarul Uloom Deoband Website Directions Save Darul Uloom Deoband Website Directions | |
| 260 |
_aDelhi _bAl-Jadidia India _c1990 |
||
| 300 |
_a276p. _ccm. |
||
| 650 | _aARABIC LITERATURE | ||
| 942 |
_hO28v2,N9, N0 _cTEXL _2CC |
||
| 999 |
_c397283 _d397283 |
||